000
00330 a2200157 4500
001
182680
020
_a
85-00-30102-3
040
_c
Magnum
100
_a
Ayala, Walmir
240
1
0
_a
Antologia poética
_l
por
245
1
0
_a
Antologia poética
300
_a
108
440
1
_a
Ediouro
697
_a
LITERATURA GERAL
942
_c
BK
999
_c
182680
_d
182680